000
00320nam a22001457a 4500
008
210305b ||||| |||| 00| 0 eng d
020
_a
9780412445903
041
_a
eng
080
_a
91
082
_a
91
100
_a
42
101
_a
GJEO
245
_a
Karst Geomorphology and Hydrology
_c
Ford, D
942
_2
udc
_c
BK
999
_c
55869
_d
55869